00601nam a2200157 a 450000100100000000500170001000800410002708200150006810000300008324501980011325000120031126000370032330000200036070000500038004000130043000003397220200930070652.0110915s1958 dr 000 0 spa d axxxbS715p1 aSosa Agramonte Mass, Otto10aProyecciones de una política financiera :bconsideraciones económico-sociales acerca del tratado Trujillo-Hull /cOtto Sosa Agramonte Mass ; prólogo Manuel de Jesus Troncoso de la Concha. a2a. ed. aCiudad Trujillo :b[s.d],c1958. a16 p. ;c23 cm.12aTroncoso de la Concha, Manuel de Jesuseprol. aDO-SdBNP